000 00487nam a2200193Ia 4500
003 GCL
005 20240530100429.0
008 140319s9999 xx 000 0 eng d
040 _aGCL /
_cGCL
082 0 4 _a792
_bH T
100 1 _aHARTNOLL, PHYLLIS
245 1 0 _aTHE THEATRE: A CONCISE HISTORY /
_cHARTNOLL, PHYLLIS
260 _a[S.N] :
_bTHAMES AND HUDSON ،
_c1985
300 _a288
650 0 4 _aHISTORY AND CRITICISM
650 0 4 _aART
650 0 4 _aDRAMA
942 _2ddc
_cBK
999 _c17641
_d17641